Statistics for New England Sports Teams

Click here to take the quiz!

General Stats

  • This quiz has been taken 15 times
  • The average score is 4 of 8

Answer Stats

HintAnswer% Correct
American FootballPatriots
100%
BasketballCeltics
82%
BaseballRed Sox
82%
SoccerRevolution
64%
LacrosseBlack Wolves
9%
Rugby UnionFree Jacks
9%
Gaelic FootballGAA
9%
Rugby LeagueThirteens
0%

Score Distribution

Percentile by Number Answered

Percent of People with Each Score

Your Score History

You have not taken this quiz